000 nam a22 7a 4500
999 _c50170
_d50170
003 OSt
005 20200916142027.0
008 200916b xxu||||| |||| 00| 0 eng d
040 _cSERO SOFT
100 _aBARE ACT
245 _aGST INCORPORATING
260 _aCLP
300 _a892
942 _2ddc
_c02